000 01457nam2a22002651 4500
001 RU\NLR\INFOCOMM7\1000003678
005 20250617043254.0
035 _a(NLR Aleph) 002450594
090 _a2159597
_c2159597
100 _a20040316d1963 |||y0rusy50 ca
101 0 _arus
102 _aRU
105 _ay |||||||||
200 0 _aВып.35
210 _d1963
_aБ. м.
225 1 _a...
_vВып.35
_i...
_v№3
461 0 _1001RU\NLR\INFOCOMM31\1000069819
_12001#$aМежвузовский сборник научных трудов$fНовосиб. ин-т инженеров ж.-д. трансп.$vВып.35
_93051129
_aНовосибирский институт инженеров железнодорожного транспорта
_cНовосибирск
_d1935-
_fНовосиб. ин-т инженеров ж.-д. трансп.
_tМежвузовский сборник научных трудов
_vВып.35
462 0 _1001RU\NLR\INFOCOMM7\1000003675
_12001#$aИнженерно-геодезический сборник$fМ-во пут. сообщ. СССР$v№3
_92159570
_cНовосибирск
_d1960-
_fМ-во пут. сообщ. СССР
_tМежвузовский сборник научных трудов. - Инженерно-геодезический сборник
_v№3
801 1 _aRU
_bInfoComm
_c20040316
801 0 _aRU
_bNLR
_gPSBO
852 _aNLR
_jП10/607
942 _cISSUE
980 _aNB
980 _aRUSPER